00559nam a22001817a 450000500170000000800410001704000250005804100080008304400070009108200170009824500620011526000360017730000210021349000730023465000250030765000160033265000290034820180803170126.0150505b2008 ec ||||| |||| 00| 0 spa d aCO-BoIAVHcCO-BoIAVH aspa aec04a577.38bP71p00aLos páramos enla mancomunidad del frente sur occidental3 aQuito : bPlan Tel PPA, c2008. a34 p. : c21 cm. aHacia una metodología de planificación territorial en el Ecuador 6aPáramos.z Ecuador aEcosistemas aProyecto Páramo Andino